NFL Team Passing Leaders - Statistics

General Stats
  • This quiz has been taken 40 times
  • The average score is 25 of 32
Answer Stats
Yards Team Quarterback % Correct
64,088 Steelers Ben Roethlisberger
100%
61,655 Packers Brett Favre
100%
61,361 Dolphins Dan Marino
100%
68,010 Saints Drew Brees
100%
57,023 Giants Eli Manning
100%
54,828 Colts Peyton Manning
100%
74,571 Patriots Tom Brady
100%
38,245 Ravens Joe Flacco
97%
45,109 Lions Matthew Stafford
97%
59,735 Falcons Matt Ryan
97%
37,059 Seahawks Russell Wilson
97%
51,475 Broncos John Elway
95%
59,271 Chargers Philip Rivers
95%
35,124 49ers Joe Montana
92%
33,685 Titans / Oilers Warren Moon
92%
32,352 Chiefs Patrick Mahomes
86%
34,183 Cowboys Tony Romo
81%
29,725 Panthers Cam Newton
78%
27,057 Jets Joe Namath
78%
32,873 Eagles Donovan McNabb
76%
35,467 Bills Jim Kelly
76%
23,221 Texans Matt Schaub
73%
23,443 Bears Jay Cutler
68%
25,206 Commanders / Redskins Joe Theismann
68%
35,222 Raiders Derek Carr
65%
33,098 Vikings Fran Tarkenton
65%
19,737 Bucaneers Jameis Winston
59%
32,838 Bengals Ken Anderson
54%
25,698 Jaguars Mark Brunell
49%
23,713 Browns Brian Sipe
41%
34,639 Cardinals Jim Hart
35%
23,758 Rams Jim Everett
32%
No matching quizzes found
Score Distribution
Percent of People with Each Score
Percentile by Number Answered
Your Score History
You have not taken this quiz